| 000 | 00782nam a2200265Ia 4500 | ||
|---|---|---|---|
| 005 | 20260302120008.0 | ||
| 008 | 008 260114s9999 xx 000 0 eng d | ||
| 020 | _a9781509925841 | ||
| 037 | _aTextbook | ||
| 040 | _aCRL | ||
| 040 | _beng | ||
| 040 | _cCRL | ||
| 041 | _2eng | ||
| 041 | _aeng | ||
| 084 | _qCRL | ||
| 100 |
_aSebastian Lohsse, Reiner Schulze and Dirk Staudenmayer _9874584 |
||
| 245 | 0 | _aLiability for Artificial Intelligence and the Internet of Things Münster Colloquia on EU Law and the Digital Economy IV | |
| 260 | _bBloomsbury | ||
| 260 | _bNomos/Hart | ||
| 260 | _c2019 | ||
| 650 | _aLaw | ||
| 856 | _uhttps://dx.doi.org/10.5040/9781509925841?locatt=label:secondary_bloomsburyCollections | ||
| 942 | _cEBOOK | ||
| 999 |
_c1688189 _d1688189 |
||